<?xml version="1.0" encoding="UTF-8"?>
<record
    xmlns:xsi="http://www.w3.org/2001/XMLSchema-instance"
    xsi:schemaLocation="http://www.loc.gov/MARC21/slim http://www.loc.gov/standards/marcxml/schema/MARC21slim.xsd"
    xmlns="http://www.loc.gov/MARC21/slim">

  <leader>00810nam a22002417a 4500</leader>
  <controlfield tag="001"> 30502 </controlfield>
  <controlfield tag="003">UA-OsUOA</controlfield>
  <controlfield tag="005">20260504154651.0</controlfield>
  <controlfield tag="007">ta</controlfield>
  <controlfield tag="008">20041110b un ||||| |||| 00| 0 ukr d</controlfield>
  <datafield tag="040" ind1=" " ind2=" ">
    <subfield code="a">UA-OsUOA</subfield>
    <subfield code="b">ukr</subfield>
    <subfield code="c">UA-OsUOA</subfield>
    <subfield code="d">UA-OsUOA</subfield>
  </datafield>
  <datafield tag="041" ind1=" " ind2=" ">
    <subfield code="a">ukr</subfield>
  </datafield>
  <datafield tag="044" ind1=" " ind2=" ">
    <subfield code="a">CA</subfield>
  </datafield>
  <datafield tag="080" ind1=" " ind2=" ">
    <subfield code="a">82.09</subfield>
  </datafield>
  <datafield tag="090" ind1=" " ind2=" ">
    <subfield code="a">82.09</subfield>
    <subfield code="b">&#x41E;63</subfield>
  </datafield>
  <datafield tag="245" ind1=" " ind2=" ">
    <subfield code="a">&#x41C;&#x438;&#x445;&#x430;&#x439;&#x43B;&#x43E; &#x41E;&#x440;&#x435;&#x441;&#x442;. &#x410;&#x434;&#x435;&#x43F;&#x442; &#x414;&#x443;&#x445;&#x43E;&#x432;&#x43D;&#x43E;&#x441;&#x442;&#x438; &#x43D;&#x43E;&#x432;&#x43E;&#x457;</subfield>
    <subfield code="b">&#x43B;&#x456;&#x442;&#x435;&#x440;&#x430;&#x442;&#x443;&#x440;&#x43E;&#x437;&#x43D;&#x430;&#x432;&#x447;&#x438;&#x439; &#x441;&#x438;&#x43C;&#x43F;&#x43E;&#x437;&#x456;&#x43E;&#x43D;</subfield>
    <subfield code="c">&#x440;&#x435;&#x434;. &#x41F;. &#x420;&#x43E;&#x454;&#x43D;&#x43A;&#x43E;</subfield>
  </datafield>
  <datafield tag="260" ind1=" " ind2=" ">
    <subfield code="a">&#x422;&#x43E;&#x440;&#x43E;&#x43D;&#x442;&#x43E;</subfield>
    <subfield code="b">Kiev Printer Ltd.</subfield>
    <subfield code="c">1967</subfield>
  </datafield>
  <datafield tag="300" ind1=" " ind2=" ">
    <subfield code="a">124 &#x441;.</subfield>
    <subfield code="b">&#x406;&#x43B;&#x44E;&#x441;&#x442;&#x440;&#x430;&#x446;&#x456;&#x457;</subfield>
  </datafield>
  <datafield tag="650" ind1=" " ind2="7">
    <subfield code="2">UDC</subfield>
    <subfield code="a">82 &#x41B;&#x456;&#x442;&#x435;&#x440;&#x430;&#x442;&#x443;&#x440;&#x430;. &#x41B;&#x456;&#x442;&#x435;&#x440;&#x430;&#x442;&#x443;&#x440;&#x43E;&#x437;&#x43D;&#x430;&#x432;&#x441;&#x442;&#x432;&#x43E;</subfield>
    <subfield code="9">15</subfield>
  </datafield>
  <datafield tag="942" ind1=" " ind2=" ">
    <subfield code="c">BK</subfield>
    <subfield code="2">udc</subfield>
  </datafield>
  <datafield tag="955" ind1=" " ind2=" ">
    <subfield code="a">0</subfield>
  </datafield>
  <datafield tag="999" ind1=" " ind2=" ">
    <subfield code="c">316914</subfield>
    <subfield code="d">316914</subfield>
  </datafield>
  <datafield tag="952" ind1=" " ind2=" ">
    <subfield code="0">0</subfield>
    <subfield code="1">0</subfield>
    <subfield code="2">udc</subfield>
    <subfield code="4">0</subfield>
    <subfield code="7">0</subfield>
    <subfield code="8">C_SOKOLYK_BRYZHUN</subfield>
    <subfield code="a">300</subfield>
    <subfield code="b">300</subfield>
    <subfield code="d">2026-04-30</subfield>
    <subfield code="e">&#x2116;12/29.04.2026 (&#x406;&#x414;&#x423;&#x414;)</subfield>
    <subfield code="g">1.00</subfield>
    <subfield code="i">300847</subfield>
    <subfield code="l">0</subfield>
    <subfield code="o">82.09 &#x41E;63</subfield>
    <subfield code="p">300847</subfield>
    <subfield code="r">2026-04-30 11:34:45</subfield>
    <subfield code="v">1.00</subfield>
    <subfield code="w">2026-04-30</subfield>
    <subfield code="y">BK</subfield>
    <subfield code="z">&#x41E;&#x442;&#x440;&#x438;&#x43C;&#x430;&#x43D;&#x43E; &#x432; &#x434;&#x430;&#x440; &#x432;&#x456;&#x434; &#x41E;&#x43A;&#x441;&#x430;&#x43D;&#x438; &#x411;&#x440;&#x438;&#x437;&#x433;&#x443;&#x43D;-&#x421;&#x43E;&#x43A;&#x43E;&#x43B;&#x438;&#x43A; ; &#x43C;&#x456;&#x441;&#x442;&#x438;&#x442;&#x44C; &#x435;&#x43A;&#x441;&#x43B;&#x456;&#x431;&#x440;&#x438;&#x441; "&#x411;&#x440;&#x438;&#x437;&#x433;&#x443;&#x43D;&#x430;"</subfield>
  </datafield>
</record>
